| 000 | 00878 a2200217 4500 | ||
|---|---|---|---|
| 003 | Nust | ||
| 005 | 20220720145208.0 | ||
| 010 | _a 93033538 | ||
| 020 | _a0201626225 | ||
| 040 | _cNust | ||
| 082 | 0 | 0 | _a005.262,MAR |
| 100 | 1 |
_aMark, Dave. _994118 |
|
| 245 | 1 | 0 |
_aLearn C++ on the PC / _cDave Mark. |
| 260 |
_aReading, Mass. : _bAddison-Wesley, _cc1994. |
||
| 300 |
_axiii, 415 p. ; _c23 cm. + _e1 computer disc |
||
| 505 | _aWelcome Aboard PAge No 1, Installing Thin C++ Page No 9, Remembering C Page No 17, Introducing C++ Page No 41, Object Programming Basics Page No 87, Derived Classes Page No 121.Operator Overloading Page No 153, Inside iostream Page No 201, C++ Potpourri Page No 243, Moving On Page No 291. | ||
| 538 | _aAlmirah No.20 Shelf No.3 | ||
| 650 | 0 | _aC++ (Computer program language) | |
| 650 | 0 |
_aMicrocomputers _xProgramming. _9135 |
|
| 942 |
_cREF _2ddc |
||
| 999 |
_c174772 _d174772 |
||